000 00280nam a22001457a 4500
003 SGT
020 _a658.5
082 _aHEI
100 _aHEIZER, JAY
245 _aOPERATIONS MANAGEMENT
250 _a12TH
260 _aPEARSON INDIA
_c2017
300 _a724
942 _2ddc
_cBK
999 _c14285
_d14285